| 000 | 00437pab a2200157 454500 | ||
|---|---|---|---|
| 008 | 180718b2007 xxu||||| |||| 00| 0 eng d | ||
| 100 | _aPietrykowski, Bruce | ||
| 245 | _aExploring new directions for research in the radical political economy of consumption | ||
| 260 | _c2007 | ||
| 300 | _ap.257-83. | ||
| 362 | _aSpring | ||
| 650 | _aConsumption | ||
| 773 | _aReview of Radical Political Economics | ||
| 908 | _aN | ||
| 909 | _a74787 | ||
| 999 |
_c74787 _d74787 |
||